000
00282nam a22001337a 4500
003
SGT
082
_a
614
_b
SHA
100
_a
SHARMA, B.R.
245
_a
HANDWRITING FORENSICS
250
_a
2ND
260
_a
GURGAON
_b
UNIVERSITY PRESS
_c
2021
300
_a
726
942
_2
ddc
_c
BK
_0
24
999
_c
22268
_d
22268